[Event "SLO-chT2 West"]
[Site "Kranj"]
[Date "2004.10.15"]
[Round "1.4"]
[White "Kodela, Matjaz"]
[Black "Gornik, Urska"]
[Result "1-0"]
[WhiteElo "2011"]
[BlackElo "1513"]
[PlyCount "51"]
[EventDate "2004.10.15"]
[EventType "team"]
[EventRounds "3"]
[EventCountry "SLO"]
[SourceTitle "EXT 2009"]
[Source "ChessBase"]
[SourceDate "2008.11.26"]
[SourceVersion "1"]
[SourceVersionDate "2008.11.26"]
[SourceQuality "1"]

1. d4 d6 2. c4 Nf6 3. Nc3 c6 4. e4 d5 5. e5 Ne4 6. Bd3 Bf5 7. Bxe4 Bxe4 8. f3 Bg6 9. cxd5 cxd5 10. Nge2 e6 11. h4 h6 12. Be3 Nc6 13. a3 Be7 14. h5 Bh7 15. 0-0 0-0 16. f4 a6 17. Ng3 Bh4 18. Qg4 b5 19. f5 exf5 20. Nxf5 Bxf5 21. Rxf5 g5 22. hxg6 fxg6 23. Qxg6+ Kh8 24. Qxh6+ Kg8 25. Qg6+ Kh8 26. Rh5# 1-0